ARRUPE JESUIT UNIVERSITY

CORONAVIRUS -STOP THE SPREAD - CLEAN,DISINFECT,COVER

Der Hauptmann von Köpenick; (Record no. 125600)

MARC details
000 -LEADER
fixed length control field 00774cam a22002651 4500
001 - CONTROL NUMBER
control field 7964643
003 - CONTROL NUMBER IDENTIFIER
control field ARRUPE
005 - DATE AND TIME OF LATEST TRANSACTION
control field 20161027120050.0
008 - FIXED-LENGTH DATA ELEMENTS--GENERAL INFORMATION
fixed length control field 801014s1961 enka 000 0 ger
010 ## - LIBRARY OF CONGRESS CONTROL NUMBER
LC control number 61019031
015 ## - NATIONAL BIBLIOGRAPHY NUMBER
National bibliography number GB61-4691
035 ## - SYSTEM CONTROL NUMBER
System control number (OCoLC)6821175
040 ## - CATALOGING SOURCE
Original cataloging agency DLC
Transcribing agency MnMohC
Modifying agency Uk
-- DLC
041 0# - LANGUAGE CODE
Language code of text/sound track or separate title ger
042 ## - AUTHENTICATION CODE
Authentication code premarc
050 00 - LIBRARY OF CONGRESS CALL NUMBER
Classification number PT1255.S66
300 ## - PHYSICAL DESCRIPTION
Other physical details illus.
Dimensions 19 cm.
100 1# - MAIN ENTRY--PERSONAL NAME
Personal name Zuckmayer, Carl,
Dates associated with a name 1896-1977.
9 (RLIN) 27063
245 14 - TITLE STATEMENT
Title Der Hauptmann von Köpenick;
Remainder of title ein deutsches Märchen in drei Akten.
Statement of responsibility, etc by Zuckmayer, Carl,
260 ## - PUBLICATION, DISTRIBUTION, ETC. (IMPRINT)
Place of publication, distribution, etc Frankfurt
Name of publisher, distributor, etc Fischer Bucherei
Date of publication, distribution, etc 1961
300 ## - PHYSICAL DESCRIPTION
Extent 180 p.;
440 ## - SERIES STATEMENT/ADDED ENTRY--TITLE
Volume number/sequential designation n. 423
9 (RLIN) 27064
490 0# - SERIES STATEMENT
Series statement Fischer Bucherei
906 ## - LOCAL DATA ELEMENT F, LDF (RLIN)
a 7
b cbc
c oclcrpl
d u
e ncip
f 19
g y-gencatlg
942 ## - ADDED ENTRY ELEMENTS (KOHA)
Source of classification or shelving scheme Library of Congress Classification
Koha item type Monograph ( Printed materials)
Holdings
Withdrawn status Lost status Source of classification or shelving scheme Damaged status Not for loan Collection code Home library Current library Shelving location Date acquired Total Checkouts Full call number Barcode Date last seen Price effective from Koha item type
    Library of Congress Classification     Main Collection ARRUPE LIBRARY ARRUPE LIBRARY Main Collection 27/10/2016   PT1255.S66 46500010771 02/07/2019 27/10/2016 Monograph ( Printed materials)

 

Arrupe Library. PO Box MP320 Mt Pleasant, Harare, Zimbabwe
263 242 745411|librarian@aju.ac.zw